000 00254nam a2200109Ia 4500
005 20251222175928.0
008 251222s9999||||xx |||||||||||||| ||spa||
082 _a658.3/J67
100 _aJohnson, Ron
245 0 _aLa Dirección de Personal
942 _cLIB
999 _c40943
_d40943